000 00674nam a22002177a 4500
003 UA-OsUOA
001 110696
007 ta
008 20150331b un ||||| |||| 00| 0 ukr d
100 _aЧумак Т.
090 _a82
_bЧ-90
942 _cSA
040 _aUA-OsUOA
_bukr
_cUA-OsUOA
_dUA-OsUOA
245 _aДуховний світ ранньої лірики Павла Тичини
300 _aС.30-33
955 _a0
041 _aukr
080 _a82
773 0 _w110693
_tУкраїнська література в загальноосвітній школі
_dК.
_d2015
_g2
650 7 _a82 Література. Літературознавство
_2UDC
999 _c396799
_d396799